| 000 | 00728 a2200205 4500 | ||
|---|---|---|---|
| 020 | _a158488276X | ||
| 020 | _a9781584882763 | ||
| 082 | 0 | 4 | _a620.00151825 |
| 090 |
_c413 _d413 |
||
| 100 | 1 | _aPian, Theodore H.H. | |
| 245 | 1 | 0 |
_aHybrid and incompatible finite element methods / _cTheodore H.H. Pian, Chang-Chun Wu. |
| 250 | _a1st ed. | ||
| 260 |
_a[S.l.] : _bChapman and Hall/CRC, _c2005. |
||
| 300 |
_a400 p. ; _c25 cm. |
||
| 490 | 1 | _aModern mechanics and mathematics. | |
| 700 | 1 | _aWu, Chang-Chun. | |
| 830 | 0 | _aModern mechanics and mathematics. | |
| 942 |
_aSNS _cBK _k620.00151825 PIA |
||
| 999 |
_c29045 _d29045 |
||